000 01442nam0a22002771 4500
001 rc\3368795
005 20130115153142.6
021 _aRU
_b71-РК-2001/1
021 _aRU
_bРг2316-72
035 _a(NLR Aleph) 007446082
090 _a7166591
_c7166591
100 _a20130115d1970 |||y0rusy50 ca
101 0 _arus
102 _aRU
105 _aa z |||||
200 1 _aИсследования в области органической химии и полимерных материалов
_e(Докл. III Науч. сессии)
_f[Отв. ред. канд. техн. наук, проф. Ардашев Б.И.]
_gМВ и ССО РСФСР. Сев.-Кавк. совет по координации и планированию науч.-исслед. работ по техн. и естеств. наукам. Новочеркасский ордена Труд. Красного Знамени политехн. ин-т им. С. Орджоникидзе
210 _aНовочеркасск
_cБ. и.
_d1970
215 _a102 с.
_cил.
320 _aБиблиогр. в конце докл.
702 1 _aАрдашев
_bБ. И.
_4340
712 0 2 _aНовочеркасский политехнический ин-т им. С. Орджоникидзе
_bНауч. сессия
_d3
_f1970
_3RU\NLR\AUTH\889934708
801 0 _aRU
_bNLR
_gpsbo
801 1 _aRU
_bELAR
_2rusmarc
852 _aNLR
_j72-3/850
942 _cBOOK
980 _aNB